| 000 | 00645nam a2200217Ia 4500 | ||
|---|---|---|---|
| 003 | BUBTL | ||
| 008 | 151213s9999 xx 000 0 und d | ||
| 020 | _a185573-333-1 | ||
| 082 | _a677.028245SPK | ||
| 100 |
_a Spencer, David J. _91006 |
||
| 245 |
_aKnitting Technology : _bA comprehensive handbook and practical guide |
||
| 250 | _a3rd ed | ||
| 260 |
_aEngland : _bWoodhead Publication Ltd, _cc2001. |
||
| 300 |
_axxv,386 p. : _bill. ; _c24 cm. |
||
| 650 | 0 |
_aTextile Engineering _91008 |
|
| 650 | _ascience | ||
| 760 | _b3rd | ||
| 856 |
_k0 _l0 _yDownload |
||
| 942 |
_2ddc _cBK |
||
| 999 |
_c3910 _d3910 |
||